000 00362nam a2200133Ia 4500
005 20260328104319.0
008 260328s9999||||xx |||||||||||||| ||und||
100 _aMcKinley, Catherine
245 0 _aIndigo :
_b In Search of the Color That Seduced the World /
_cCatherine McKinley
260 _bBloomsbury
300 _a235 p.
650 _aALEMANIA
942 _cBK
999 _c11273
_d11273